000 00531nam a22001097a 4500
008 170612b xxu||||| |||| 00| 0 eng d
100 _aBarefoot, J.
245 _aDenmark numeral cancels
260 _aYork, England
_bJ. Barefoot
_c1983
650 _a Denmark | Postal Markings | Catalogs and Price Lists | 1851-1871 | 19th Century | Post Offices | Mobile Post Offices | Railway Mail | Shipping Companies and Packet Service | Maritime Mail | Military Mail | Postal History | Germany | Schleswig-Holstein (1850-1868)
700 _aTuffs, V.
999 _c2420
_d2420